Alle Tim Burton Filme - Statistiken

Allgemein
  • Dieses Quiz wurde 6 mal gespielt
  • Das Durchschnittsergebnis liegt bei 6 aus 20
Antwortstatistiken
Erscheinungsjahr Film % Korrekt
2010 Alice im Wunderland
50%
1989 Batman
50%
1988 Beetlejuice
50%
2005 Corpse Bride - Hochzeit mit einer Leiche
50%
1990 Edward mit den Scherenhänden
50%
1992 Batmans Rückkehr
33%
2024 Beetlejuice Beetlejuice
33%
2014 Big Eyes
33%
1999 Sleepy Hollow
33%
2003 Big Fish
17%
2005 Charlie und die Schokoladenfabrik
17%
2012 Dark Shadows
17%
2016 Die Insel der besonderen Kinder
17%
2019 Dumbo
17%
1994 Ed Wood
17%
2012 Frankenweenie
17%
1996 Mars Attacks!
17%
2001 Planet der Affen
17%
2007 Sweeney Todd - Der teuflische Barbier aus der Fleet Street
17%
1985 Pee-Wee's wirre Abenteuer
0%
Keine übereinstimmenden Quizze gefunden
Verteilung der Resultate
Anzahl Personen mit jedem Resultat
Perzentil nach korrekt beantworteten Fragen
Ihre Resultats-Entwicklung
Sie haben dieses Quiz noch nicht gespielt